000 00909nam a22002297a 4500
999 _c63705
_d63705
005 20240530110655.0
008 171218s2015 ua a f b 000 0aara d
017 _a2015/22443
_bمصر. دار الكتب
020 _a9789777950213
040 _aEG-CaGPL
_cEG-CaGPL
082 0 4 _221
_a759\
_bم ع
100 0 _aمحمد الناصر
245 1 0 _aعصر من الفن :
_bمن رواد الرعيل الثانى لحركة الفن التشكيلى المصرى المعاصر : 1910- 1975 /
_cمحمد الناصر
250 _aط.1
260 _aالقاهرة :
_bالدار المصرية اللبنانية ،
_c2016 .
300 _a259 ص. ؛
_c28 سم.
600 0 _2حسين محمد يوسف
650 0 7 _2qrmak
_aالفنون التشكيلية
_zمصر
650 0 7 _2qrmak
_aالفنانون التشكيليون
942 _2ddc
_cBK